The ultimate guide to IELTS writing : (Record no. 150150)
[ view plain ]
| 000 -LEADER | |
|---|---|
| fixed length control field | 00872nam a22002177a 4500 |
| 005 - DATE AND TIME OF LATEST TRANSACTION | |
| control field | 20180224141439.0 |
| 010 ## - LCCN (DPL NO) | |
| LC control number | B-663937 |
| 020 ## - INTERNATIONAL STANDARD BOOK NUMBER | |
| International Standard Book Number | 9788192567600 |
| Terms of availability | 240.00 |
| 035 ## - SYSTEM CONTROL NUMBER | |
| System control number | B-663937 |
| 037 ## - SOURCE OF ACQUISITION | |
| Stock number | dpl |
| Source of stock number/acquisition | Pansy Books/Ven |
| 037 ## - SOURCE OF ACQUISITION | |
| Stock number | DBAD/PUB |
| 082 ## - DEWEY DECIMAL CLASSIFICATION NUMBER | |
| Classification number | 488.24076 |
| 100 ## - MAIN ENTRY--PERSONAL NAME | |
| Personal name | Thakkar,Parthesh |
| 245 ## - TITLE STATEMENT | |
| Title | The ultimate guide to IELTS writing : |
| Remainder of title | the only book with IELTS writing band descriptors / |
| Statement of responsibility, etc | by Parthesh Thakkar |
| 260 ## - PUBLICATION, DISTRIBUTION, ETC. (IMPRINT) | |
| Place of publication, distribution, etc | Ahmedabad |
| Name of publisher, distributor, etc | Author |
| Date of publication, distribution, etc | 2016 |
| 270 ## - ADDRESS | |
| Address | B/1,First Floor,Arjun Tower,Shivranjani Cross Road,Satellite |
| City | Ahmedabad |
| Postal code | 380015 |
| 300 ## - PHYSICAL DESCRIPTION | |
| Extent | 367p. : |
| Other physical details | ill. |
| Dimensions | 24cm(pbk) |
| 500 ## - GENERAL NOTE | |
| General note | Include Index and Acknowledgements |
| 942 ## - ADDED ENTRY ELEMENTS (KOHA) | |
| Source of classification or shelving scheme | Dewey Decimal Classification |
| Item type | English Books |
| Call number suffix | THA |
| Classification part | 488.24076 |
| Withdrawn status | Lost status | Not for loan | Collection code | Home library | Current library | Date acquired | Source of acquisition | Cost, normal purchase price | Full call number | Barcode | Copy number | Cost, replacement price | Koha item type |
|---|---|---|---|---|---|---|---|---|---|---|---|---|---|
| Non-fiction | Ashok Vihar | Ashok Vihar | 24/02/2018 | Pansy Books/1623/23.02.17/426/15.02.17/01.03.2017 | 240.00 | 488.24076 THA | B-663937 | 1 | 240.00 | English Books |
